00494nam a22001457a 4500008004100000040005500041080002600096245006300122260005200185300001400237650001600251653002800267700002600295700002700321230504b |||||||| |||| 00| 0 eng d aNational Science LibrarycNational Science Library aD 681.3.004.2 bK3-;1 aProceedings of the 1962 workshop on computer organization  aWashington, D.C.: bSpartan Books, Inc., c1963 av, 242p.  aIndustries  aElectrical engineering  aBarnum, Alan A (Ed.)  aKnapp, Morris A (Ed.)